000 01195nam0a2200289 4500
001 RU\NLR\bibl\161602
005 20250615175543.0
035 _a(NLR Aleph) 001341323
090 _a862657
_c862657
100 _a20010608d2000 |||y0rusy50 ca
101 0 _arus
102 _aRU
105 _aa |||||||||
200 1 _aХорст Янссен
_eРис. и графика из собр. Тете Беттгер
_e[Кат. выст.] , Санкт-Петербург, 18.7 - 17.9. 2000, Гос. Эрмитаж
_f[Авт. вступ. ст. Йоахим Фест
210 _aСПб.]
_cАркана
_aГеттинген
_cТете Беттгер Райнер Вундерлих
_d2000
215 _a[72] с.
_cил., цв. ил.
_d23
600 1 _aЯнссен
_bХ.
_f1929 - 1995
_gХорст
_xВыставки
_yСанкт-Петербург, г.
_z2000
_92233111
_3RU\NLR\auth\661340279
686 _aЩ153(4Г)6-8Янссен
686 _aЩ101.3(4Г)-4Беттгер
702 1 _aБеттгер
_bТ.
_gТете
_4570
801 0 _aRU
_bNLR
_c20010608
_gPSBO
801 1 _aRU
_bNLR
_c20010608
852 _aNLR
_bЭ
_jКП/Я652,3
942 _cBOOK
980 _aNB